| 000 | 00694nam a2200121Ia 4500 | ||
|---|---|---|---|
| 008 | 220620s9999||||xx |||||||||||||| ||und|| | ||
| 100 | _aBieda, Bogusław||Sala, Dariusz | ||
| 245 | 0 | _aChapter Life Cycle Inventory (LCI) Approach Used for Rare Earth Elements (REEs) from Monazite Material, Considering Uncertainty | |
| 546 | _aEnglish[eng] | ||
| 650 | _arare earth elements (REEs), life cycle inventory (LCI), life cycle assessment (LCA), Monte Carlo (MC) simulation, Crystal Ball® (CB), sensitivity analysis (SA), uncertainty | ||
| 856 | _uhttps://library.oapen.org/bitstream/20.500.12657/49326/1/62960.pdf||https://library.oapen.org/bitstream/20.500.12657/49326/1/62960.pdf | ||
| 942 | _cEB | ||
| 999 |
_c25122 _d25122 |
||